[Event "Pozarevac Rudar IM 14th"]
[Site "Pozarevac"]
[Date "2023.07.30"]
[Round "5"]
[White "Aaditya, Dhingra"]
[Black "Milosevic, Aleksandar"]
[Result "1-0"]
[WhiteElo "2457"]
[BlackElo "2148"]
[PlyCount "73"]
[EventDate "2023.07.26"]
[EventType "tourn"]
[EventRounds "9"]
[EventCountry "SRB"]
[EventCategory "1"]
[SourceTitle "CBM 215 Extra"]
[Source "ChessBase"]
[SourceDate "2023.09.30"]
[SourceVersion "1"]
[SourceVersionDate "2023.09.30"]
[SourceQuality "1"]

1. Nf3 d5 2. g3 g6 3. c4 d4 4. b4 Bg7 5. Bb2 e5 6. d3 c5 7. bxc5 Nd7 8. Bg2 Nxc5 9. 0-0 Ne7 10. Nbd2 0-0 11. Ba3 Qc7 12. Rb1 f6 13. Rb5 Ne6 14. Ne4 Rd8 15. Ne1 a6 16. Rb1 f5 17. Nd2 h5 18. Qb3 Bh6 19. Qb6 Nc6 20. Qxc7 Nxc7 21. Nb3 e4 22. Nc2 b5 23. dxe4 bxc4 24. Nc5 d3 25. exd3 cxd3 26. Ne3 Rb8 27. Rxb8 Nxb8 28. Nd5 Nb5 29. Bb2 Nc6 30. Nxd3 fxe4 31. Bxe4 Kf7 32. N5f4 Ne7 33. Ne5+ Kg8 34. Nfxg6 Nxg6 35. Nxg6 Bh3 36. Re1 Rd2 37. Bc1 1-0

[Event "Pozarevac Rudar IM 14th"]
[Site "Pozarevac"]
[Date "2023.07.27"]
[Round "2"]
[White "Milosevic, Aleksandar"]
[Black "Besedes, Danilo"]
[Result "1-0"]
[WhiteElo "2148"]
[BlackElo "2287"]
[PlyCount "75"]
[EventDate "2023.07.26"]
[EventType "tourn"]
[EventRounds "9"]
[EventCountry "SRB"]
[EventCategory "1"]
[SourceTitle "CBM 215 Extra"]
[Source "ChessBase"]
[SourceDate "2023.09.30"]
[SourceVersion "1"]
[SourceVersionDate "2023.09.30"]
[SourceQuality "1"]

1. Nf3 Nf6 2. c4 d6 3. d4 Nbd7 4. Nc3 e5 5. e4 Be7 6. Be2 c6 7. 0-0 0-0 8. Rb1 a5 9. Qc2 Re8 10. a3 Qc7 11. b4 axb4 12. axb4 Nf8 13. h3 Ng6 14. Rd1 Bd7 15. b5 Qc8 16. bxc6 bxc6 17. Bf1 Bd8 18. dxe5 dxe5 19. Be3 Ra3 20. Nd2 Ba5 21. Na4 Nf4 22. Bxf4 exf4 23. Nb6 Qc7 24. Qb2 Bxb6 25. Qxa3 Be6 26. Qb4 Ba5 27. Qa3 Bxd2 28. Rxd2 Nxe4 29. Rdb2 g6 30. Rb7 Qe5 31. Qb2 Qc5 32. Rb8 Rxb8 33. Qxb8+ Kg7 34. Qxf4 Nd6 35. Rc1 h5 36. Rc3 Nb5 37. cxb5 Qxc3 38. b6 1-0

[Event "Pozarevac Rudar Nesic Memorial 9th"]
[Site "Pozarevac"]
[Date "2023.01.26"]
[Round "2"]
[White "Milosevic, Aleksandar"]
[Black "Tekeyev, Zaur"]
[Result "0-1"]
[WhiteElo "2172"]
[BlackElo "2394"]
[PlyCount "80"]
[EventDate "2023.01.25"]
[EventType "tourn"]
[EventRounds "9"]
[EventCountry "SRB"]
[SourceTitle "CBM 212 Extra"]
[Source "ChessBase"]
[SourceDate "2023.03.31"]
[SourceVersion "1"]
[SourceVersionDate "2023.03.31"]
[SourceQuality "1"]

1. e4 c5 2. Nf3 e6 3. g3 d5 4. exd5 exd5 5. d4 Nf6 6. Bg2 Be7 7. 0-0 0-0 8. dxc5 Bxc5 9. a3 Ne4 10. b4 Bb6 11. Bb2 Nc6 12. Nc3 Nxc3 13. Bxc3 Bf5 14. Nd4 Nxd4 15. Bxd4 Be4 16. Bxb6 Qxb6 17. c4 Rad8 18. c5 Qf6 19. Ra2 Rfe8 20. Rd2 d4 21. Re1 Bxg2 22. Rxe8+ Rxe8 23. Kxg2 Rd8 24. Rd3 g6 25. a4 Rd5 26. f4 Kg7 27. a5 a6 28. Qf3 Qe6 29. h4 Rd7 30. g4 Qe1 31. b5 axb5 32. a6 bxa6 33. c6 Re7 34. f5 Qe2+ 35. Kh3 Qxf3+ 36. Rxf3 gxf5 37. gxf5 Kf6 38. Ra3 Kxf5 39. Rxa6 d3 40. Ra1 Rc7 0-1

[Event "Pozarevac Rudar 6th"]
[Site "Pozarevac"]
[Date "2022.12.05"]
[Round "2"]
[White "Milosevic, Aleksandar"]
[Black "Mushini, Ajay"]
[Result "0-1"]
[WhiteElo "2192"]
[BlackElo "2265"]
[PlyCount "72"]
[EventDate "2022.12.04"]
[EventType "tourn"]
[EventRounds "9"]
[EventCountry "SRB"]
[EventCategory "1"]
[SourceTitle "CBM 211 Extra"]
[Source "ChessBase"]
[SourceDate "2023.01.31"]
[SourceVersion "1"]
[SourceVersionDate "2023.01.31"]
[SourceQuality "1"]

1. Nf3 c5 2. c4 Nf6 3. Nc3 Nc6 4. e3 e6 5. d4 d5 6. a3 a6 7. dxc5 Bxc5 8. b4 Bd6 9. Bb2 0-0 10. Qc2 dxc4 11. Rd1 b5 12. Ng5 Qc7 13. Nxb5 axb5 14. Bxf6 g6 15. Nxh7 Rxa3 16. Be2 Bb7 17. Qe4 Ne5 18. Qh4 Bxg2 19. f4 Bxb4+ 20. Kf2 Qa7 21. Rd4 Ra2 22. Bxe5 Rxe2+ 23. Kg3 Rxe3+ 24. Kxg2 Qa2+ 25. Qf2 Qa8+ 26. Kg1 Re1+ 27. Qxe1 Bxe1 28. Nf6+ Kg7 29. Ne8+ Kh6 30. Bg7+ Kh7 31. Bxf8 Qf3 32. Nf6+ Kh8 33. Ne4 Qe3+ 34. Kg2 Qe2+ 35. Kh3 Qf3+ 36. Ng3 Bxg3 0-1

[Event "SRB-chT 2nd League East"]
[Site "Knic"]
[Date "2019.09.08"]
[Round "5.2"]
[White "Milosevic, Aleksandar"]
[Black "Lazov, Toni"]
[Result "0-1"]
[WhiteElo "2260"]
[BlackElo "2386"]
[PlyCount "64"]
[EventDate "2019.09.06"]
[EventType "team-tourn"]
[EventRounds "11"]
[EventCountry "SRB"]
[SourceTitle "EXT 2020"]
[Source "ChessBase"]
[SourceDate "2019.10.17"]
[SourceVersion "1"]
[SourceVersionDate "2019.10.17"]
[SourceQuality "1"]
[WhiteTeam "Leskovac Glubocica"]
[BlackTeam "Surdulica Radnik"]
[WhiteTeamCountry "SRB"]
[BlackTeamCountry "SRB"]

1. Nf3 Nf6 2. c4 g6 3. Nc3 Bg7 4. e4 0-0 5. d4 d6 6. Be3 Na6 7. Be2 e5 8. 0-0 c6 9. dxe5 dxe5 10. a3 Ng4 11. Bg5 f6 12. Bh4 Qe8 13. b4 h5 14. Nd2 Be6 15. h3 Nh6 16. f3 g5 17. Bf2 g4 18. hxg4 hxg4 19. fxg4 Qg6 20. g5 fxg5 21. b5 Nc7 22. Bc5 g4 23. Rxf8+ Bxf8 24. Be3 Bf7 25. Qe1 Ne6 26. Qh4 Nf4 27. Bf1 Be6 28. bxc6 bxc6 29. Rb1 Nf7 30. g3 Nh3+ 31. Bxh3 gxh3 32. Rf1 Be7 0-1

[Event "Oberliga Nord W 1718"]
[Site "Germany"]
[Date "2018.04.15"]
[Round "9.7"]
[White "Witthaus, Joerg"]
[Black "Milosevic, Aleksandar"]
[Result "1/2-1/2"]
[WhiteElo "2011"]
[BlackElo "2259"]
[PlyCount "34"]
[EventDate "2017.10.08"]
[EventType "team-tourn"]
[EventRounds "9"]
[EventCountry "GER"]
[SourceTitle "EXT 2019"]
[Source "ChessBase"]
[SourceDate "2018.10.10"]
[SourceVersion "1"]
[SourceVersionDate "2018.10.10"]
[SourceQuality "1"]
[WhiteTeam "Hannover"]
[BlackTeam "Lingen"]
[WhiteTeamCountry "GER"]
[BlackTeamCountry "GER"]

1. d4 Nf6 2. Nf3 d5 3. c4 e6 4. Nc3 dxc4 5. e3 a6 6. Bxc4 b5 7. Be2 Bb7 8. 0-0 Nbd7 9. b3 c5 10. Bb2 Qb8 11. Rc1 Bd6 12. h3 0-0 13. Qc2 Rc8 14. Qb1 Rc7 15. Rfd1 Qf8 16. Ng5 cxd4 17. Rxd4 h6 1/2-1/2

[Event "Oberliga Nord W 1718"]
[Site "Germany"]
[Date "2018.03.18"]
[Round "8.7"]
[White "Milosevic, Aleksandar"]
[Black "Bos, Robin"]
[Result "1/2-1/2"]
[WhiteElo "2259"]
[BlackElo "1975"]
[PlyCount "36"]
[EventDate "2017.10.08"]
[EventType "team-tourn"]
[EventRounds "9"]
[EventCountry "GER"]
[SourceTitle "EXT 2019"]
[Source "ChessBase"]
[SourceDate "2018.10.10"]
[SourceVersion "1"]
[SourceVersionDate "2018.10.10"]
[SourceQuality "1"]
[WhiteTeam "Lingen"]
[BlackTeam "Nordhorn Blanke"]
[WhiteTeamCountry "GER"]
[BlackTeamCountry "GER"]

1. Nf3 c5 2. c4 g6 3. d4 cxd4 4. Nxd4 Bg7 5. e4 d6 6. Nc3 Nf6 7. Be2 0-0 8. 0-0 Nc6 9. Be3 Nxd4 10. Bxd4 Be6 11. b3 Qa5 12. f4 a6 13. f5 Bd7 14. Kh1 Bc6 15. Nd5 Bxd5 16. exd5 Nd7 17. Bxg7 Kxg7 18. Qd4+ Ne5 1/2-1/2

[Event "Oberliga Nord W 1718"]
[Site "Germany"]
[Date "2018.02.04"]
[Round "6.8"]
[White "Grebener, Soeren"]
[Black "Milosevic, Aleksandar"]
[Result "0-1"]
[WhiteElo "2021"]
[BlackElo "2259"]
[PlyCount "44"]
[EventDate "2017.10.08"]
[EventType "team-tourn"]
[EventRounds "9"]
[EventCountry "GER"]
[SourceTitle "EXT 2019"]
[Source "ChessBase"]
[SourceDate "2018.10.10"]
[SourceVersion "1"]
[SourceVersionDate "2018.10.10"]
[SourceQuality "1"]
[WhiteTeam "Delmenhorst"]
[BlackTeam "Lingen"]
[WhiteTeamCountry "GER"]
[BlackTeamCountry "GER"]

1. e4 c5 2. Nf3 d6 3. d4 cxd4 4. Nxd4 Nf6 5. Nc3 a6 6. f4 e5 7. Nf3 Nbd7 8. a4 d5 9. fxe5 Nxe4 10. Qxd5 Nxc3 11. bxc3 Bc5 12. Bc4 0-0 13. a5 Qc7 14. Rf1 b5 15. Qxa8 Bb7 16. Qxf8+ Bxf8 17. Bxf7+ Kxf7 18. e6+ Kxe6 19. Nd4+ Ke7 20. Bg5+ Nf6 21. Kd2 Kf7 22. Rae1 b4 0-1

[Event "SRB-chT 1st League"]
[Site "Kragujevac"]
[Date "2016.09.14"]
[Round "6.3"]
[White "Milosevic, Aleksandar"]
[Black "Todorovic, Bojan"]
[Result "1/2-1/2"]
[WhiteElo "2269"]
[BlackElo "2348"]
[PlyCount "20"]
[EventDate "2016.09.10"]
[EventType "team-tourn"]
[EventRounds "11"]
[EventCountry "SRB"]
[SourceTitle "CBM 174 Extra"]
[Source "ChessBase"]
[SourceDate "2016.10.10"]
[SourceVersion "1"]
[SourceVersionDate "2016.10.10"]
[SourceQuality "1"]
[WhiteTeam "Leskovac Glubocica"]
[BlackTeam "Pirot Progres"]
[WhiteTeamCountry "SRB"]
[BlackTeamCountry "SRB"]

1. Nf3 d5 2. d4 Nf6 3. c4 c6 4. cxd5 cxd5 5. Nc3 a6 6. Bf4 Nc6 7. Rc1 Bf5 8. e3 e6 9. Be2 Be7 10. 0-0 0-0 1/2-1/2

[Event "SRB-chT 1st League"]
[Site "Kragujevac"]
[Date "2016.09.14"]
[Round "7.4"]
[White "Nadj Hedjesi, Balind"]
[Black "Milosevic, Aleksandar"]
[Result "1-0"]
[WhiteElo "2311"]
[BlackElo "2269"]
[PlyCount "67"]
[EventDate "2016.09.10"]
[EventType "team-tourn"]
[EventRounds "11"]
[EventCountry "SRB"]
[SourceTitle "CBM 174 Extra"]
[Source "ChessBase"]
[SourceDate "2016.10.10"]
[SourceVersion "1"]
[SourceVersionDate "2016.10.10"]
[SourceQuality "1"]
[WhiteTeam "Despotovac Sloga"]
[BlackTeam "Leskovac Glubocica"]
[WhiteTeamCountry "SRB"]
[BlackTeamCountry "SRB"]

1. e4 c5 2. Ne2 Nf6 3. Nbc3 d6 4. d4 cxd4 5. Nxd4 a6 6. Rg1 b5 7. g4 Bb7 8. g5 Nxe4 9. Nxe4 Bxe4 10. Qg4 d5 11. f3 Bg6 12. f4 e6 13. Be3 Qa5+ 14. Bd2 Qb6 15. f5 Bc5 16. fxg6 Bxd4 17. gxf7+ Kxf7 18. Rg2 Nd7 19. g6+ hxg6 20. Qxg6+ Ke7 21. 0-0-0 Rae8 22. Rg3 Kd8 23. Ra3 Kc8 24. Ba5 Qa7 25. Bc3 Bc5 26. b4 Be3+ 27. Kb1 Qb6 28. Bxg7 Rhg8 29. Qf7 Rd8 30. Bh3 Rge8 31. Rxd5 exd5 32. Bxd7+ Rxd7 33. Qxe8+ Kc7 34. Rc3+ 1-0

[Event "SRB-chT 1st League"]
[Site "Kragujevac"]
[Date "2016.09.12"]
[Round "4.2"]
[White "Milosevic, Aleksandar"]
[Black "Todorovic, Nenad I"]
[Result "1-0"]
[WhiteElo "2269"]
[BlackElo "2251"]
[PlyCount "73"]
[EventDate "2016.09.10"]
[EventType "team-tourn"]
[EventRounds "11"]
[EventCountry "SRB"]
[SourceTitle "CBM 174 Extra"]
[Source "ChessBase"]
[SourceDate "2016.10.10"]
[SourceVersion "1"]
[SourceVersionDate "2016.10.10"]
[SourceQuality "1"]
[WhiteTeam "Leskovac Glubocica"]
[BlackTeam "Nis Svitanja"]
[WhiteTeamCountry "SRB"]
[BlackTeamCountry "SRB"]

1. Nf3 c5 2. c4 Nc6 3. e3 e5 4. Nc3 Nf6 5. a3 d6 6. d4 cxd4 7. exd4 Bg4 8. Be3 exd4 9. Bxd4 Nxd4 10. Qxd4 Bxf3 11. gxf3 Be7 12. f4 0-0 13. Bg2 Nd7 14. 0-0 Nc5 15. Rad1 Bf6 16. Qd2 Bxc3 17. Qxc3 Qh4 18. Rxd6 Qxf4 19. Qd4 Qxd4 20. Rxd4 Rac8 21. b4 Ne6 22. Rd7 Rxc4 23. Rxb7 Rc7 24. Rxc7 Nxc7 25. Rd1 Nb5 26. Rd3 Rc8 27. a4 Nc3 28. Bb7 Ne2+ 29. Kf1 Nf4 30. Rd1 Rb8 31. b5 Ne6 32. Bc6 Rd8 33. Rxd8+ Nxd8 34. Bd5 Kf8 35. a5 Ke7 36. b6 axb6 37. a6 1-0

[Event "SRB-chT 1st League"]
[Site "Kragujevac"]
[Date "2016.09.10"]
[Round "1.6"]
[White "Milosevic, Aleksandar"]
[Black "Milosevic, Boban"]
[Result "1/2-1/2"]
[WhiteElo "2269"]
[BlackElo "2283"]
[PlyCount "29"]
[EventDate "2016.09.10"]
[EventType "team-tourn"]
[EventRounds "11"]
[EventCountry "SRB"]
[SourceTitle "CBM 174 Extra"]
[Source "ChessBase"]
[SourceDate "2016.10.10"]
[SourceVersion "1"]
[SourceVersionDate "2016.10.10"]
[SourceQuality "1"]
[WhiteTeam "Leskovac Glubocica"]
[BlackTeam "Smederevska Palanka"]
[WhiteTeamCountry "SRB"]
[BlackTeamCountry "SRB"]

1. Nf3 Nf6 2. c4 e6 3. Nc3 d5 4. d4 Be7 5. Bg5 0-0 6. e3 Nbd7 7. Rc1 a6 8. cxd5 exd5 9. Bd3 c6 10. 0-0 Re8 11. Qc2 Nf8 12. h3 Ng6 13. Ne5 Nd7 14. Bxe7 Qxe7 15. Nxg6 1/2-1/2

[Event "SRB-chT2 East"]
[Site "Vrnjacka Banja"]
[Date "2015.10.10"]
[Round "9.12"]
[White "Milosevic, Aleksandar"]
[Black "Djordjevic, Vuk D"]
[Result "0-1"]
[WhiteElo "2284"]
[BlackElo "2209"]
[PlyCount "74"]
[EventDate "2015.08.28"]
[EventType "team-tourn"]
[EventRounds "11"]
[EventCountry "SRB"]
[SourceTitle "EXT 2022"]
[Source "ChessBase"]
[SourceDate "2021.10.06"]
[SourceVersion "1"]
[SourceVersionDate "2021.10.06"]
[SourceQuality "1"]

1. Nf3 d5 2. d4 c5 3. c4 e6 4. cxd5 exd5 5. g3 Nc6 6. Bg2 Nf6 7. 0-0 Be7 8. Nc3 0-0 9. dxc5 Bxc5 10. a3 h6 11. b4 Be7 12. Bb2 Be6 13. Rc1 Qd7 14. Na4 Ne4 15. Ne1 Rac8 16. Nd3 b6 17. Nf4 Rfd8 18. Nh5 Bf8 19. Nc3 Nxc3 20. Rxc3 d4 21. Rxc6 Rxc6 22. Bxc6 Qxc6 23. Nf4 Bc4 24. Qd2 g6 25. Rd1 Bg7 26. e3 a5 27. Ng2 d3 28. Bxg7 Kxg7 29. Qc3+ Kg8 30. Ne1 Qe4 31. Qd2 Re8 32. h3 Bd5 33. f3 Qxe3+ 34. Qxe3 Rxe3 35. Kf2 Re2+ 36. Kf1 Bc4 37. Kg1 Bb3 0-1

[Event "Nis op-A"]
[Site "Nis"]
[Date "2015.04.20"]
[Round "1"]
[White "Milosevic, Aleksandar"]
[Black "Livaja, Mario"]
[Result "1/2-1/2"]
[WhiteElo "2289"]
[BlackElo "2193"]
[PlyCount "44"]
[EventDate "2015.04.20"]
[EventType "swiss"]
[EventRounds "9"]
[EventCountry "SRB"]
[SourceTitle "CBM 166 Extra"]
[Source "ChessBase"]
[SourceDate "2015.06.18"]
[SourceVersion "1"]
[SourceVersionDate "2015.06.18"]
[SourceQuality "1"]

1. Nf3 Nf6 2. c4 g6 3. Nc3 Bg7 4. e4 d6 5. d4 0-0 6. Be2 c5 7. 0-0 cxd4 8. Nxd4 Nc6 9. Be3 Bd7 10. Qd2 Rc8 11. f3 Re8 12. Rfd1 Ne5 13. b3 Qa5 14. Nd5 Qxd2 15. Nxf6+ Bxf6 16. Rxd2 Nc6 17. Rad1 a6 18. Nxc6 Bxc6 19. Bb6 Bg5 20. Rb2 Bf6 21. Rbd2 Bg5 22. Rb2 Bf6 1/2-1/2